000
00318nam a22001337a 4500
008
181009b xxu||||| |||| 00| 0 eng d
020
_a
9781418051709
041
_a
eng
080
_a
617
100
_a
6
101
_a
KIR
245
_a
Surgical Technology for the Surgical Technologists
_c
Grafft, D
942
_2
udc
_c
BK
999
_c
49114
_d
49114